Liveable cities : a study initiated by Lawrence Graham solicitors. (Record no. 97430)

MARC details
000 -LEADER
fixed length control field 01043cam a2200337 4500
008 - FIXED-LENGTH DATA ELEMENTS--GENERAL INFORMATION
fixed length control field 090401t1998 xxu||||| |||| 00| 0 eng d
020 ## - INTERNATIONAL STANDARD BOOK NUMBER
International Standard Book Number 1899683704
035 ## - SYSTEM CONTROL NUMBER
System control number (Sirsi) u89194
041 ## - LANGUAGE CODE
Language code of text/sound track or separate title eng
050 ## - LIBRARY OF CONGRESS CALL NUMBER
Classification number 711.52
110 ## - MAIN ENTRY--CORPORATE NAME
Corporate name or jurisdiction name as entry element Lawrence Graham
9 (RLIN) 3683
245 ## - TITLE STATEMENT
Title Liveable cities : a study initiated by Lawrence Graham solicitors.
260 ## - PUBLICATION, DISTRIBUTION, ETC.
Place of publication, distribution, etc. London
Name of publisher, distributor, etc. Lawrence Graham
Date of publication, distribution, etc. 1998
300 ## - PHYSICAL DESCRIPTION
Extent 59p. : ill. ; 30cm.
350 ## - PRICE (NR) (BK AM CF MU VM SE) [OBSOLETE]
Price 15
650 ## - SUBJECT ADDED ENTRY--TOPICAL TERM
Topical term or geographic name entry element SUSTAINABLE DEVELOPMENT
650 ## - SUBJECT ADDED ENTRY--TOPICAL TERM
Topical term or geographic name entry element TOWN CENTRE MANAGEMENT
650 ## - SUBJECT ADDED ENTRY--TOPICAL TERM
Topical term or geographic name entry element TOWN CENTRES
650 ## - SUBJECT ADDED ENTRY--TOPICAL TERM
Topical term or geographic name entry element URBAN REGENERATION
650 ## - SUBJECT ADDED ENTRY--TOPICAL TERM
Topical term or geographic name entry element URBAN RENEWAL
690 ## - LOCAL SUBJECT ADDED ENTRY--TOPICAL TERM (OCLC, RLIN)
Topical term or geographic name as entry element URBAN RENEWAL
710 ## - ADDED ENTRY--CORPORATE NAME
Corporate name or jurisdiction name as entry element British Chambers of Commerce
9 (RLIN) 3684
710 ## - ADDED ENTRY--CORPORATE NAME
Corporate name or jurisdiction name as entry element Association of Town Centre Management
9 (RLIN) 3506
710 ## - ADDED ENTRY--CORPORATE NAME
Corporate name or jurisdiction name as entry element British Urban Regeneration Association
9 (RLIN) 1394
710 ## - ADDED ENTRY--CORPORATE NAME
Corporate name or jurisdiction name as entry element Urban Village Forum
9 (RLIN) 3685
710 ## - ADDED ENTRY--CORPORATE NAME
Corporate name or jurisdiction name as entry element Civic Trust
9 (RLIN) 2280
710 ## - ADDED ENTRY--CORPORATE NAME
Corporate name or jurisdiction name as entry element Town and Country Planning Association
9 (RLIN) 3022
710 ## - ADDED ENTRY--CORPORATE NAME
Corporate name or jurisdiction name as entry element London Planning Advisory Committee
9 (RLIN) 850
942 ## - ADDED ENTRY ELEMENTS (KOHA)
Suppress in OPAC 0
948 ## - LOCAL PROCESSING INFORMATION (OCLC); SERIES PART DESIGNATOR (RLIN)
c (OCLC) 21/10/1998
Holdings
Withdrawn status Lost status Source of classification or shelving scheme Damaged status Not for loan Home library Current library Shelving location Date acquired Cost, normal purchase price Total Checkouts Full call number Barcode Date last seen Date last checked out Copy number Cost, replacement price Price effective from Koha item type
    Dewey Decimal Classification     London London Folio 14/09/1999 15.00 3 F711.52 30056588 06/08/2019 17/04/2000 1 15.00 06/08/2019 Book